House prices in the most picturesque locations rise by £110 000 over the past decade (Record no. 84094)
[ view plain ]
| 000 -LEADER | |
|---|---|
| fixed length control field | 01092cad a22002055a 4500 |
| 001 - CONTROL NUMBER | |
| control field | L156611 |
| 008 - FIXED-LENGTH DATA ELEMENTS--GENERAL INFORMATION | |
| fixed length control field | 120612e20120611xxk 000 0 eng d |
| 035 ## - SYSTEM CONTROL NUMBER | |
| System control number | (Sirsi) u156611 |
| 041 0# - LANGUAGE CODE | |
| Language code of text/sound track or separate title | eng |
| 110 2# - MAIN ENTRY--CORPORATE NAME | |
| Corporate name or jurisdiction name as entry element | Lloyds TSB |
| 9 (RLIN) | 4126 |
| 245 00 - TITLE STATEMENT | |
| Title | House prices in the most picturesque locations rise by £110 000 over the past decade |
| Medium | [electronic resource] |
| 260 ## - PUBLICATION, DISTRIBUTION, ETC. | |
| Date of publication, distribution, etc. | 2012 |
| 490 ## - SERIES STATEMENT | |
| Series statement | Lloyds TSB Press Release |
| Volume/sequential designation | 11 June 2012 |
| 520 ## - SUMMARY, ETC. | |
| Summary, etc. | The Lloyds TSB Areas of Outstanding Natural Beauty (ANOB) House Price Review which tracks house price movements in postal districts of 32 ANOBs in England excluding Isles of Scilly and Isle of Wight reveals that house prices in some locations have risen by £110 000 since 2002. Surrey Hills is the most expensive ANOB and Solway Coast saw the biggest increase. The review is based on Land Registry data. |
| 590 ## - LOCAL NOTE (RLIN) | |
| Local note | KA |
| 651 #4 - SUBJECT ADDED ENTRY--GEOGRAPHIC NAME | |
| Geographic name | England |
| Chronological subdivision | 886- |
| 690 ## - LOCAL SUBJECT ADDED ENTRY--TOPICAL TERM (OCLC, RLIN) | |
| Topical term or geographic name as entry element | Residential property |
| 9 (RLIN) | 6266 |
| 856 40 - ELECTRONIC LOCATION AND ACCESS | |
| Uniform Resource Identifier | <a href="https://www.lloydsbankinggroup.com/media/pdfs/LTSB/2012/1106_AONB.pdf">https://www.lloydsbankinggroup.com/media/pdfs/LTSB/2012/1106_AONB.pdf</a> |
| Public note | View this item free of charge at www.lloydsbankinggroup.com |
| 942 ## - ADDED ENTRY ELEMENTS (KOHA) | |
| Suppress in OPAC | 0 |
| Withdrawn status | Lost status | Source of classification or shelving scheme | Damaged status | Not for loan | Home library | Current library | Shelving location | Date acquired | Total Checkouts | Full call number | Barcode | Date last seen | Copy number | Price effective from | Koha item type |
|---|---|---|---|---|---|---|---|---|---|---|---|---|---|---|---|
| Dewey Decimal Classification | Virtual | Virtual | Online | 12/06/2012 | ONLINE PUBLICATION | 156611-2001 | 06/08/2019 | 1 | 06/08/2019 | Journal article |